| 000 | 00747 a2200205 4500 | ||
|---|---|---|---|
| 999 |
_c8956 _d8956 |
||
| 020 | _a4577844559 | ||
| 050 | 0 | 0 | _aKF1670MUC2014 |
| 100 | 1 | _aMucheche, Caleb H. | |
| 245 | 1 | 2 |
_aA practical guide to labour law, conciliation, mediation & arbitration in Zimbabwe / _cCaleb H. Mucheche LLB (Hons) UZ. |
| 250 | _a2nd edition. | ||
| 264 | 1 |
_aHarare, Zimbabwe : _bAfrican Dominion Publications, _cJune 2014. |
|
| 300 | _a201 pages ; | ||
| 500 | _aincludes index | ||
| 504 | _aIncludes bibliographical references (page 201). | ||
| 650 | 0 | _aLabor laws and legislation | |
| 650 | 0 | _aArbitration, Industrial | |
| 650 | 0 | _aMediation and conciliation, Industrial | |
| 942 |
_2lcc _cBK _h1670 _iMUC _kKF |
||